000 00325nam a22001337a 4500
008 170203b xxu||||| |||| 00| 0 eng d
020 _a9780306461408
041 _aeng
080 _a61
100 _a3
101 _aSHM
245 _aHANDBOOK OF PROMONOTION AND DISEASE PREMEVENTION
_cJAMES.M RACZYNSKI
942 _2udc
_cBK
999 _c4486
_d4486